000 00813cam a2200193 i 4500
005 20260122115440.0
008 250721s9999 ua gr 000 0 ara d
020 _a977030462X
082 1 4 _a341.762
_bج م ل
100 1 _aجمل، أحمد محمود
_eمؤلف.
245 1 0 _aحماية البيئة البحرية :
_bمن التلوث في ضوء التشريعات الوطنيةوالاتفاقات الاقليمية والمعاهدات الدولية /
_cالمستشار أحمد محمود الجمل.
264 3 1 _aاسكندرية :
_bمنشأة المعارف،
_c[غير معرف].
300 _a144 صفحة.
650 1 7 _aالقانون الدولي.
650 1 7 _aحماية البيئة
650 1 7 _aالبيئة البحرية.
942 _2ddc
_cBK
999 _c80329
_d80329